000 01159nam0a2200337 4500
001 RU\NLR\BIBL_A\011190035
005 20260406141538.0
010 _a978-5-389-06804-9
_93000
021 _aRU
_b2016-57735
_93665
035 _a(NLR Aleph) 011190035
035 _a(NILC)RU\NLR\BIBL_A\010863113
035 _a(NILC)RuMoRGB-008018116
090 _a11863684
_c11863684
100 _a20160809d2016 k y0rusy50 ca
101 1 _arus
_cfre
102 _aRU
105 _ay|||z|||000ay
200 1 _aТаинственный остров
_eроман
_fЖюль Верн
_g[пер. с фр. Марко Вовчок]
210 _aСанкт-Петербург
_cАзбука
_cАзбука-Аттикус
_d2016
215 _a637, [2] с.
_d18
225 1 _aАзбука-классика
333 _a12+
675 _a821.133.1
686 1 _aШ6(4Фр)57-440.4{Лх1647-50}
700 1 _7ca
_8rus
_aВерн
_bЖ.
_f1828-1905
_gЖюль
_9113449
_3RU\NLR\AUTH\773453
801 0 _aRU
_bRuMoRGB
_c20150909
_gRCR
801 1 _aRU
_bNLR
_c20151016
_2rusmarc
942 _cBOOK
980 _aNB